Manual para la administración de proyectos

Sábháilte in:
Sonraí bibleagrafaíochta
Príomhchruthaitheoirí: Cleland, David I (Údar), King, William R (Údar)
Formáid: LEABHAR
Teanga:Spáinnis
Foilsithe / Cruthaithe: Ciudad de México Continental 1990
Ábhair:
Clibeanna: Cuir clib leis
Níl clibeanna ann, Bí ar an gcéad duine le clib a chur leis an taifead seo!

MARC

LEADER 00000nam a2200000 a 4500
001 UCO8365
003 CL-VaPUC
008 001201e19900000MX |||||||||||||||||spa|d
082 0 4 |a 658.404  |b CLE  |2 21 
100 0 |a Cleland, David I  |e author  |9 453251 
700 0 |a King, William R  |e author  |9 453252 
245 1 0 |a Manual para la administración de proyectos 
300 |a 772 p 
942 |c BK 
945 |d 20001201 00:00:00  |a vberengu 
260 |a Ciudad de México  |b Continental  |c 1990 
650 0 |a Gestión de proyectos  |9 260970 
650 7 |a CONTROL DE PROYECTOS  |2 CL-VaPUC  |9 429782 
650 0 |a Optimización  |9 339671 
650 7 |a PLANIFICACION DE PROYECTOS  |2 CL-VaPUC  |9 364615 
583 |a last modification  |c 20170510 01:14:57  |k Rodrigo Vera 
999 |c 293033  |d 293031 
952 |0 0  |1 0  |4 0  |6 658_404000000000000_CLE_1990  |7 0  |8 A  |9 344156  |a BIBING  |b BIBING  |d 2019-11-20  |i 3669106  |o 658.404 CLE 1990  |p 3669106  |r 2025-01-20  |w 2019-11-20  |y BK  |k CCL